O espelho de Machado de Assis em HQ (Record no. 61516)

MARC details
000 -LÍDER
campo de controle de tamanho fixo 00365 a2200157 4500
001 - NÚMERO DE CONTROLE
campo de controle 61516
020 ## - ISBN - INTERNATIONAL STANDARD BOOK NUMBER
ISBN - International Standard Book Number 9788572723046
040 ## - FONTE DA CATALOGAÇÃO
Instituição que transcreveu o registro Anchieta - Pituba
100 ## - ENTRADA PRINCIPAL--NOME PESSOAL
Nome pessoal Jeosafá
240 10 - TÍTULO UNIFORME
Título uniforme O espelho de Machado de Assis em HQ
Idioma da obra por
245 10 - TÍTULO
Título O espelho de Machado de Assis em HQ
300 ## - DESCRIÇÃO FÍSICA
Extensão 64
362 0# - DATAS DE PUBLICAÇÃO E/OU DESIGNAÇÃO SEQUENCIAL
Datas de publicação e/ou designação sequencial 2012
650 #4 - ASSUNTO--TERMO TÓPICO
Cabeçalho tópico ou nome geográfico Literatura juvenil
942 ## - ELEMENTOS DE ENTRADA ADICIONADOS (KOHA)
Tipo de material Koha Livros
Holdings
Situação do descarte Situação das perdas Situação física Não pode ser emprestado Biblioteca de origem Biblioteca atual Data de aquisição Total de empréstimos Número de chamada completo Código de barras Data de último acesso Data do preço efetivo Tipo de material Koha Fonte da classificação ou esquema de arquivamento na estante
        Colégio Anchieta - Pituba Colégio Anchieta - Pituba 21/11/2023   LJ 028.5 J54e JEO ESP 13579/PIT 21/11/2023 21/11/2023 Livros  
        Colégio São Paulo Colégio São Paulo 22/11/2023   740 J549e 4799/CSP 22/11/2023 22/11/2023 Livros  
        Leonardo Da Vinci - Osasco Leonardo Da Vinci - Osasco 10/02/2026   741.5 J53e ex.1 O020215 10/02/2026 10/02/2026 Livros Classificação Decimal de Dewey